| 000 | 00686nam a22002297a 4500 | ||
|---|---|---|---|
| 003 | BD-DhJNU | ||
| 005 | 20251008040659.0 | ||
| 008 | 251008b |||||||| |||| 00| 0 eng d | ||
| 020 | _a9780072830644 | ||
| 020 | _a0072830646 | ||
| 040 |
_bBD-DhJNU _cENG _dBD-DhJNU _eBD-DhJNU |
||
| 082 |
_223 _a578.77 CAM |
||
| 100 | _aCastro, Peter | ||
| 245 |
_aMarine biology / _cPeter Castro and Michael E. Huber |
||
| 250 | _a6th ed. | ||
| 260 |
_aNew York : _bMcGraw-Hill Higher Education, _c2007. |
||
| 300 |
_axix, 460p. : _bill. ; _c29 cm. |
||
| 504 | _aIncludes bibliographical references and index | ||
| 650 | _aMarine biology | ||
| 700 | _aHuber, Michael E. | ||
| 942 |
_2ddc _cBK _n0 |
||
| 999 |
_c2180 _d2180 |
||